| 000 | 00492nmm a2200157Ia 4500 | ||
|---|---|---|---|
| 008 | 251105s9999||||xx |||||||||||||||||und|| | ||
| 020 | _a9786124903137 | ||
| 041 | _aspa | ||
| 100 | _aJara Jiménez, Cronwell | ||
| 245 | 0 | _aEl Ichicoyco prisionero y los tres hermanos recicladores | |
| 264 |
_a[Lima, Peru] : _bGrupo Editorial Quimérica, _c2023 |
||
| 300 | _a64 páginas | ||
| 650 | _aTeen & Young Adult Fiction | ||
| 856 | _uhttps://public.digitaliapublishing.com/a/160467 | ||
| 942 | _cCF | ||
| 999 |
_c76048 _d76048 |
||